The night box / Louise Greig, Ashling Lindsay.
Invites young readers to discover what happens between sunset and sunrise as a little boy opens the Night Box and darkness swoops out to cavort and explore, caring for all its creatures until morning comes, and it's time for Night to rest again.
Record details
- ISBN: 9781328850935
- ISBN: 1328850935
- Physical Description: 1 volume (unpaged) : color illustrations ; 29 cm
- Publisher: Boston : Clarion Books, Houghton Mifflin Harcourt, 2018.
Search for related items by subject
| Subject: | Night > Juvenile fiction. Boxes > Juvenile fiction. Bedtime Dreams |
| Genre: | Easy. Fiction. Juvenile works. Picture books. Fiction. |
Available copies
- 1 of 1 copy available at scottsboropl.
Holds
- 0 current holds with 1 total copy.
Show Only Available Copies
| Location | Call Number / Copy Notes | Barcode | Shelving Location | Status | Due Date |
|---|---|---|---|---|---|
| scottsboropl | E Gre | 32269001219511 | Juvenile - Easy | Available | - |
| LDR | 03154cam a2200721 i 4500 | ||
|---|---|---|---|
| 001 | 161349 | ||
| 003 | SBPL | ||
| 005 | 20230718155518.0 | ||
| 008 | 190429t20182017maua j 000 1 eng d | ||
| 010 | . | ‡a 2018289737 | |
| 020 | . | ‡a9781328850935 ‡q(library binding) | |
| 020 | . | ‡a1328850935 ‡q(library binding) | |
| 035 | . | ‡a(OCoLC)1052618481 ‡z(OCoLC)1016612063 ‡z(OCoLC)1050876584 ‡z(OCoLC)1054123880 ‡z(OCoLC)1088385286 | |
| 050 | 0 | 0. | ‡aPZ7.1.G7417 ‡bNig 2018 |
| 082 | 0 | 4. | ‡a[E] ‡223 |
| 100 | 1 | . | ‡aGreig, Louise, ‡eauthor. |
| 245 | 1 | 4. | ‡aThe night box / ‡cLouise Greig, Ashling Lindsay. |
| 264 | 1. | ‡aBoston : ‡bClarion Books, Houghton Mifflin Harcourt, ‡c2018. | |
| 300 | . | ‡a1 volume (unpaged) : ‡bcolor illustrations ; ‡c29 cm | |
| 336 | . | ‡atext ‡btxt ‡2rdacontent | |
| 336 | . | ‡astill image ‡bsti ‡2rdacontent | |
| 337 | . | ‡aunmediated ‡bn ‡2rdamedia | |
| 338 | . | ‡avolume ‡bnc ‡2rdacarrier | |
| 520 | . | ‡aInvites young readers to discover what happens between sunset and sunrise as a little boy opens the Night Box and darkness swoops out to cavort and explore, caring for all its creatures until morning comes, and it's time for Night to rest again. | |
| 650 | 0. | ‡aNight ‡vJuvenile fiction. | |
| 650 | 0. | ‡aBoxes ‡vJuvenile fiction. | |
| 650 | 0 | . | ‡aBedtime |
| 650 | 0 | . | ‡aDreams |
| 655 | 4. | ‡aEasy. | |
| 655 | 7. | ‡aFiction. | |
| 655 | 7. | ‡aJuvenile works. | |
| 655 | 7. | ‡aPicture books. ‡2lcgft | |
| 655 | 7. | ‡aFiction. ‡2lcgft | |
| 700 | 1 | . | ‡aLindsay, Ashling, ‡eillustrator. |
| 775 | 0 | 8. | ‡iReproduction of (manifestation): ‡aGreig, Louise. ‡tNight box. ‡dLondon : Egmont UK Limited, 2017 ‡z9781405287203 |
| 901 | . | ‡a161349 ‡bAUTOGEN ‡c161349 ‡tbiblio | |